| 000 | 00804nam a2200205 a 4500 | ||
|---|---|---|---|
| 001 | 000043300 | ||
| 005 | 20201002040812.0 | ||
| 008 | 140304s2012 dr 000 0 spa d | ||
| 040 |
_aDO-SdBNP _bspa _cBNPHU |
||
| 082 |
_axxx _bxxx |
||
| 100 | 1 |
_aAdrian Anderson, Angelica L. _970941 |
|
| 245 | 1 | 0 |
_aAnálisis de la emigración en República Dominicana desde la etapa pre-Colombina hasta el periódo post-Trujillo / _cAngelica L. Adrian Anderson. |
| 260 |
_aSanto Domingo, : _bUNICARIBE, _c2012 _fSomos Artes Gráficas |
||
| 300 |
_a126 p. ; _c24 cm. |
||
| 490 | 1 |
_aCuadernos Diplomáticos; _v10; |
|
| 590 | _aInventariado, 2019/ YL | ||
| 504 | _aBibliografía p: 117-126 | ||
| 710 | 1 | 2 |
_aUniversidad del Caribe _bEscuela de Relaciones Internacionales _970929 |
| 830 | 0 |
_aCuadernos Diplomáticos _n10 _970942 |
|
| 999 |
_c42789 _d42789 |
||